| 000 | 00828nam a2200205 4500 | ||
|---|---|---|---|
| 001 | 121 | ||
| 005 | 20230410105524.0 | ||
| 008 | 060907n1973 dr spa | ||
| 020 | _a0813817501 | ||
| 035 | _9funglode121 | ||
| 041 | _aEn | ||
| 050 | 1 | 4 | _aHC 60 P123w 1973 |
| 100 | _aPaddock, William | ||
| 245 | 1 |
_aWe don't know how : _bAn independent audit of what they call success in foreign assistance / _cWilliam and Elizabeth Paddock |
|
| 260 |
_aIowa : _bIowa State University Press, _c1973 |
||
| 300 | _axv, 331 p. | ||
| 520 | _aU.S. foreign aid : after thirty years of hard work, 3. -- Volunteers : The irrepressible urge to help, 61. -- Environment controls development, 117. -- Science is our leader, 179. -- Changing over to the international route, 253 | ||
| 700 | _aPaddock, Elizabeth | ||
| 942 |
_2lcc _cbk |
||
| 999 |
_c38456 _d38456 |
||